Statistics for U.S. States That Inspire the Most Indifference

Click here to take the quiz!

General Stats

  • This quiz has been taken 691 times
  • The average score is 9 of 11

Answer Stats

HintAnswer% Correct
59%Kansas
88%
56%North Dakota
88%
59%Idaho
86%
55%Wyoming
85%
60%Nebraska
84%
55%New Mexico
77%
57%Indiana
76%
57%Missouri
76%
56%Minnesota
75%
58%Rhode Island
68%
62%West Virginia
67%

Score Distribution

Percentile by Number Answered

Percent of People with Each Score

Your Score History

You have not taken this quiz